| Tag |
First Indicator |
Second Indicator |
Subfields |
| LEADER |
00000cgm a2200000Ka 4500 |
| 001 |
in00002796607 |
| 005 |
20151202173053.0 |
| 007 |
vd bvaizm |
| 008 |
111229p20091931cau073 vleng d |
| 024 |
1 |
|
|a 883316225578
|
| 035 |
|
|
|a (OCoLC)ocn769760267
|
| 035 |
|
|
|a (OCoLC)769760267
|
| 040 |
|
|
|a JBL
|c JBL
|d UtOrBLW
|
| 049 |
|
|
|a TXAM
|
| 082 |
0 |
4 |
|a 791.4372
|2 23
|
| 090 |
|
|
|a PN1997
|b .E23 2009
|
| 245 |
0 |
4 |
|a The easiest way /
|c Metro-Goldwyn-Mayer presents ; directed by Jack Conway ; adaptated by Edith Ellis ; from the play by Eugene Walter ; [produced by Hunt Stromberg].
|
| 264 |
|
1 |
|a [Burbank, Calif.] :
|b Turner Entertainment Co. :
|c [2009]
|
| 264 |
|
2 |
|a [Burbank, Calif.] :
|b Distributed by Warner Home Video,
|
| 300 |
|
|
|a 1 videodisc (73 min.) :
|b sound, black and white ;
|c 4 3/4 in.
|
| 336 |
|
|
|a two-dimensional moving image
|b tdi
|2 rdacontent
|
| 337 |
|
|
|a video
|b v
|2 rdamedia
|
| 338 |
|
|
|a videodisc
|b vd
|2 rdacarrier
|
| 490 |
1 |
|
|a WB archive collection
|
| 538 |
|
|
|a DVD-R; standard, full-screen, 4x3, 1.33:1; Dolby digital mono.
|
| 511 |
1 |
|
|a Constance Bennett, Adolphe Menjou, Robert Montgomery, Marjorie Rambeau, Anita Page, J. Farrell MacDonald, Clara Blandick, Clark Gable.
|
| 508 |
|
|
|a Photographed by John Mescall ; film editor, Frank Sullivan.
|
| 500 |
|
|
|a From the play by Eugene Walter.
|
| 500 |
|
|
|a Originally released as a motion picture in 1931.
|
| 500 |
|
|
|a "This disc is expected to play back in DVD video 'play only' devices, and may not play back in other DVD devices, including recorders and PC drives."--Container.
|
| 521 |
8 |
|
|a Not rated.
|
| 520 |
|
|
|a "Beautiful young Laura Murdock chooses the easiest way out of the slums: become the plaything of her wealthy boss. No ring, but lots of clothes, servants and glamour. It's just what Laura wants, until she falls in love with another man and discovers the easy way can lead straight to heartbreak"--Container.
|
| 500 |
|
|
|a Videorecording.
|
| 650 |
|
0 |
|a Poor women
|z United States
|x Conduct of life
|v Drama.
|
| 650 |
|
0 |
|a Poor families
|z United States
|x Attitudes
|v Drama.
|
| 650 |
|
0 |
|a Mistresses
|z United States
|v Drama.
|
| 650 |
|
0 |
|a Models (Persons)
|z United States
|v Drama.
|
| 650 |
|
0 |
|a Man-woman relationships
|z United States
|v Drama.
|
| 650 |
|
0 |
|a Fortune hunters
|z United States
|v Drama.
|
| 650 |
|
0 |
|a Unrequited love
|z United States
|v Drama.
|
| 655 |
|
7 |
|a Feature films.
|2 lcgft
|
| 655 |
|
7 |
|a Fiction films.
|2 lcgft
|
| 655 |
|
7 |
|a Film adaptations.
|2 lcgft
|
| 700 |
1 |
|
|a Conway, Jack,
|d 1887-1952,
|e director.
|
| 700 |
1 |
|
|a Stromberg, Hunt,
|d 1894-1968,
|e producer.
|
| 700 |
1 |
|
|a Ellis, Edith,
|d 1876-1960,
|e adapter.
|
| 700 |
1 |
|
|a Bennett, Constance,
|d 1904-1965,
|e actor.
|
| 700 |
1 |
|
|a Menjou, Adolphe,
|d 1890-1963,
|e actor.
|
| 700 |
1 |
|
|a Montgomery, Robert,
|d 1904-1981,
|e actor.
|
| 700 |
1 |
|
|a Rambeau, Marjorie,
|d 1889-1970,
|e actor.
|
| 700 |
1 |
|
|a Page, Anita,
|d 1910-2008,
|e actor.
|
| 700 |
1 |
|
|a MacDonald, J. Farrell,
|d 1875-1952,
|e actor.
|
| 700 |
1 |
|
|a Blandick, Clara,
|d 1881-1962,
|e actor.
|
| 700 |
1 |
|
|a Gable, Clark,
|d 1901-1960,
|e actor.
|
| 700 |
1 |
|
|a Walter, Eugene,
|d 1874-1941.
|t Easiest way.
|
| 710 |
2 |
|
|a Metro-Goldwyn-Mayer.
|
| 710 |
2 |
|
|a Turner Entertainment Co.
|
| 710 |
2 |
|
|a Warner Home Video (Firm)
|
| 830 |
|
0 |
|a Archive collection.
|
| 994 |
|
|
|a C0
|b TXA
|
| 948 |
|
|
|a cataloged
|b h
|c 2013/2/1
|d c
|e blrosas
|f 9:58:59 am
|
| 999 |
|
|
|a MARS
|
| 999 |
f |
f |
|s 5ea68f98-ca4e-3277-8afe-316e157b77e9
|i 8afe9255-1f86-393b-a5f4-9be1d58af4fc
|t 0
|
| 952 |
f |
f |
|p ric
|a Texas A&M University
|b Rellis Campus
|c Joint Library Facility
|d Remote Storage
|t 0
|e PN1997 .E23 2009
|h Library of Congress classification
|i video -- videodisc
|m A14841705925
|
| 998 |
f |
f |
|a PN1997 .E23 2009
|t 0
|l Remote Storage
|